000 00565nam a2200181 a 4500
005 20220607115240.0
008 991125s1971 mx 000 0 spa u
035 _aUPN01000005724
049 _aCG
050 4 _aHD1792
_bB53
245 0 0 _aBienestar campesino y desarrollo económico /
_ccomp. Ifigenia M. de Navarrete.
260 _aMéxico :
_bFCE,
_c1971.
300 _a337 p. :
_bcuadros
440 0 _aSección de obras de economía
650 2 _aAgricultura
_xAspectos económicos
_zMéxico
_91868
700 1 _aNavarrete, Ifigenia M. de,
_ecomp.
905 _aLibro
999 _c5724
_d5724